偶蹄目下属各科 All families of the order Artiodactyla - Statistics

General Stats
  • This quiz has been taken 30 times
  • The average score is 10 of 24
Answer Stats
亚目 % Correct
反刍亚目 牛科
100%
反刍亚目 鹿科
81%
猪形亚目 猪科
73%
胼足亚目 骆驼科
69%
反刍亚目 长颈鹿科
58%
河马形亚目 海豚科
58%
河马形亚目 河马科
50%
猪形亚目 西猯科
46%
河马形亚目 须鲸科
46%
河马形亚目 抹香鲸科
38%
河马形亚目 一角鲸科
38%
反刍亚目 麝科
35%
河马形亚目 灰鲸科
35%
反刍亚目 叉角羚科
31%
河马形亚目 鼠海豚科
31%
河马形亚目 亚河豚科
27%
反刍亚目 鼷鹿科
23%
河马形亚目 露脊鲸科
23%
河马形亚目 恒河豚科
23%
河马形亚目 白𬶨豚科*
23%
河马形亚目 拉普拉塔河豚科
19%
河马形亚目 小抹香鲸科
12%
河马形亚目 新须鲸科
8%
河马形亚目 剑吻鲸科
8%
No matching quizzes found
Score Distribution
Percent of People with Each Score
Percentile by Number Answered
Your Score History
You have not taken this quiz